Physical Chemistry: (Record no. 5375)
[ view plain ]
| 000 -LEADER | |
|---|---|
| fixed length control field | 00533nam a22002057a 4500 |
| 003 - CONTROL NUMBER IDENTIFIER | |
| control field | OSt |
| 005 - DATE AND TIME OF LATEST TRANSACTION | |
| control field | 20161024175758.0 |
| 008 - FIXED-LENGTH DATA ELEMENTS--GENERAL INFORMATION | |
| fixed length control field | 161024b xxu||||| |||| 00| 0 eng d |
| 020 ## - INTERNATIONAL STANDARD BOOK NUMBER | |
| International Standard Book Number | 0071140484 |
| 040 ## - CATALOGING SOURCE | |
| Transcribing agency | DDC. |
| 082 ## - DEWEY DECIMAL CLASSIFICATION NUMBER | |
| Classification number | 541BAR 1996. |
| 100 ## - MAIN ENTRY--PERSONAL NAME | |
| Personal name | Barrow,m.Gordon; |
| 9 (RLIN) | 9062 |
| 245 ## - TITLE STATEMENT | |
| Title | Physical Chemistry: |
| 250 ## - EDITION STATEMENT | |
| Edition statement | 6th ed |
| 260 ## - PUBLICATION, DISTRIBUTION, ETC. (IMPRINT) | |
| Place of publication, distribution, etc. | New York. |
| Name of publisher, distributor, etc. | The McGraw-Hill Companies,inc |
| Date of publication, distribution, etc. | 1996. |
| 300 ## - PHYSICAL DESCRIPTION | |
| Extent | xvii,910p; |
| Other physical details | ill: |
| Dimensions | 26cm. |
| 504 ## - BIBLIOGRAPHY, ETC. NOTE | |
| Bibliography, etc | includes index. |
| 650 ## - SUBJECT ADDED ENTRY--TOPICAL TERM | |
| Topical term or geographic name as entry element | Physical Chemistry. |
| 9 (RLIN) | 1450 |
| 942 ## - ADDED ENTRY ELEMENTS (KOHA) | |
| Source of classification or shelving scheme | Dewey Decimal Classification |
| Koha item type | Open Shelf |
| Withdrawn status | Lost status | Source of classification or shelving scheme | Damaged status | Not for loan | Home library | Current library | Date acquired | Source of acquisition | Inventory number | Total Checkouts | Full call number | Barcode | Date last seen | Date last checked out | Price effective from | Koha item type |
|---|---|---|---|---|---|---|---|---|---|---|---|---|---|---|---|---|
| Dewey Decimal Classification | MUST Main Library | MUST Main Library | 24/10/2016 | 13/36984 | 1 | 541BAR 1996. | 2016-4879 | 13/09/2019 | 24/10/2016 | 24/10/2016 | Open Shelf |
